| 000 | 00606nam a22001817a 4500 | ||
|---|---|---|---|
| 999 |
_c10515 _d10515 |
||
| 003 | AR-CdUCM | ||
| 008 | 190401b ||||| |||| 00| 0 spa d | ||
| 040 |
_aMUNICIPALIDAD PROVINCIAL DEL CUSCO _cBIBLIOTECA MUNICIPAL DEL CUSCO |
||
| 082 |
_aEPL / 808.83 / _bC73 |
||
| 245 | _aLecturas clásicas para niños / | ||
| 260 |
_aMéxico : _bEdit.Secretaria, _c1984. |
||
| 300 |
_a331 paginas ; _c31 cm. |
||
| 505 | _aContenido : t.1: Oriente --Grecia --La Iliada --Los hebreos ...--t.2 : El cid / | ||
| 650 |
_aLiteratura _983 |
||
| 650 |
_aEducación primaria _91561 |
||
| 942 |
_2ddc _cLIBROS |
||
| 945 | _arjall | ||